Looking back at landfill (Record no. 74617)

MARC details
000 -LEADER
fixed length control field 01102cab a2200229 4500
001 - CONTROL NUMBER
control field ABS68491
008 - FIXED-LENGTH DATA ELEMENTS--GENERAL INFORMATION
fixed length control field 041123n2004 000 0 eng u
035 ## - SYSTEM CONTROL NUMBER
System control number (Sirsi) u128081
100 ## - MAIN ENTRY--PERSONAL NAME
Personal name Knowles, L.
245 ## - TITLE STATEMENT
Title Looking back at landfill
260 ## - PUBLICATION, DISTRIBUTION, ETC.
Date of publication, distribution, etc. 2004
490 ## - SERIES STATEMENT
Series statement Wastes Management
Volume/sequential designation November 2004, 46-47(2)
520 ## - SUMMARY, ETC.
Summary, etc. Looks at the effect of the ban on co-disposal since the implementation of the landfill directive (Directive 99/31/EC). The increased cost of disposing of hazardous waste may lead to businesses using rogue operators. The Environment Agency lacks any real power to enforce the legislation and there is a lack of legislative clarity which leaves the law open to abuse. Concludes that businesses must understand more about hazardous waste and how they can minimise the amount they produce and how to treat it.
590 ## - LOCAL NOTE (RLIN)
Local note ABS
650 ## - SUBJECT ADDED ENTRY--TOPICAL TERM
Topical term or geographic name entry element DIRECTIVE 99/31/EC
650 ## - SUBJECT ADDED ENTRY--TOPICAL TERM
Topical term or geographic name entry element LANDFILL SITES
650 ## - SUBJECT ADDED ENTRY--TOPICAL TERM
Topical term or geographic name entry element HAZARDOUS WASTE
650 ## - SUBJECT ADDED ENTRY--TOPICAL TERM
Topical term or geographic name entry element WASTE MINIMISATION
650 ## - SUBJECT ADDED ENTRY--TOPICAL TERM
Topical term or geographic name entry element WASTE DISPOSAL
690 ## - LOCAL SUBJECT ADDED ENTRY--TOPICAL TERM (OCLC, RLIN)
Topical term or geographic name as entry element ENVIRONMENTAL AND LAND CONSULTANCY-WASTE MANAGEMENT
942 ## - ADDED ENTRY ELEMENTS (KOHA)
Suppress in OPAC 0
Holdings
Withdrawn status Lost status Source of classification or shelving scheme Damaged status Not for loan Home library Current library Shelving location Date acquired Total Checkouts Full call number Barcode Date last seen Copy number Price effective from Koha item type
    Dewey Decimal Classification     London London Journal article 23/11/2004   ABS68491 128081-1001 06/08/2019 1 06/08/2019 Journal article